| 000 | 00408cam a2200157ua 4500 | ||
|---|---|---|---|
| 041 |
_aeng _h |
||
| 082 |
_a028.71621 _bFOM/HA |
||
| 100 | _aFomin, S . | ||
| 245 |
_aHandbook for lathe operators and foreman / _cS Fomin. _hTextual Documents |
||
| 250 |
_a1 / _b. |
||
| 260 |
_aMoscow : _bForeign Language Publishing House , _c1954. |
||
| 300 | _a265 ; . | ||
| 504 | _a | ||
| 942 | _cBK | ||
| 999 |
_c7090 _d7090 |
||